000 00368cam a2200169ua 4500
020 _cRs.1.25
041 _amal
_h
082 _a894.812 1
_bTHI/BH
100 _aThikkurissi, K.V .
245 _aBhakranangal
260 _aQuilon :
_bM.S Book Depot ,
_c1963.
300 _a80 ; .
365 _aRs.1.25
504 _a
942 _cBK
999 _c608
_d608